000 00585nam a2200229Ia 4500
003 OSt
005 20220923230311.0
006 a|||||r|||| 00| 0
007 ta
008 Pun
024 _a279,229
037 _cTextual
040 _aARTS
_cARTS
_bPun
041 _2Pun
_aPun
082 _aO153,1NDEEx, M2
100 _aਇਕਬਾਲ ਦੀਪ
245 0 _aਤਾਰੀ॥ ਦੇ ਬੁਹੇ
260 _c1982
650 _aਪੰਜਾਬੀ ਸਾਹਿਤ
942 _hO153,1NDEEx, M2
_cTEXL
_2CC
999 _c383772
_d383772